Kitāb al-tahdhīb fī uṣūl al-taʻrīb / (Record no. 50391)

MARC details
000 -LEADER
fixed length control field 01216cam a22003254a 4500
001 - CONTROL NUMBER
control field ne 68001927
003 - CONTROL NUMBER IDENTIFIER
control field DLC
005 - DATE AND TIME OF LATEST TRANSACTION
control field 20260227111842.0
008 - FIXED-LENGTH DATA ELEMENTS--GENERAL INFORMATION
fixed length control field 080729s1923 ua 000 0 ara
010 ## - LIBRARY OF CONGRESS CONTROL NUMBER
LC control number ne 68001927
035 ## - SYSTEM CONTROL NUMBER
System control number (OCoLC)ocm23487595
040 ## - CATALOGING SOURCE
Original cataloging agency DLC
Transcribing agency EYM
Modifying agency CGU
-- OCLCQ
-- MEAUC
-- DLC
042 ## - AUTHENTICATION CODE
Authentication code lccopycat
050 00 - LIBRARY OF CONGRESS CALL NUMBER
Classification number PJ6075
Item number .A49 1923
066 ## - CHARACTER SETS PRESENT
Alternate G0 or G1 character set (3
100 0# - MAIN ENTRY--PERSONAL NAME
Linkage 880-01
Personal name Aḥmad ʻĪsá.
245 10 - TITLE STATEMENT
Linkage 880-02
Title Kitāb al-tahdhīb fī uṣūl al-taʻrīb /
Statement of responsibility, etc. taṣnīf Aḥmad ʻĪsá.
246 30 - VARYING FORM OF TITLE
Linkage 880-03
Title proper/short title Tahdhīb fī uṣūl al-taʻrīb
250 ## - EDITION STATEMENT
Linkage 880-04
Edition statement al-Ṭabʻah 1.
260 ## - PUBLICATION, DISTRIBUTION, ETC.
Linkage 880-05
Place of publication, distribution, etc. al-Qāhirah :
Name of publisher, distributor, etc. Maṭbaʻat Miṣr,
Date of publication, distribution, etc. 1923.
300 ## - PHYSICAL DESCRIPTION
Extent 148 p. ;
Dimensions 26 cm.
504 ## - BIBLIOGRAPHY, ETC. NOTE
Bibliography, etc. note Includes bibliographical references.
650 #0 - SUBJECT ADDED ENTRY--TOPICAL TERM
Topical term or geographic name entry element Arabic language
General subdivision History.
650 #0 - SUBJECT ADDED ENTRY--TOPICAL TERM
Topical term or geographic name entry element Arabic language
General subdivision Foreign words and phrases.
880 0# - ALTERNATE GRAPHIC REPRESENTATION
Linkage 100-01/(3/r
a أحمد عيسى.
880 10 - ALTERNATE GRAPHIC REPRESENTATION
Linkage 245-02/(3/r
a كتاب التهذيب في أصول التعريب /
c تصنيف أحمد بك عيسى.
880 30 - ALTERNATE GRAPHIC REPRESENTATION
Linkage 246-03/(3/r
a تهذيب في أصول التعريب
880 ## - ALTERNATE GRAPHIC REPRESENTATION
Linkage 250-04/(3/r
a الطبعة ١.
880 ## - ALTERNATE GRAPHIC REPRESENTATION
Linkage 260-05/(3/r
a القاهرة :
b مطبعة مصر،
c 1923.

No items available.

Powered by Koha